| 000 | 00753nac a22002171u 4500 | ||
|---|---|---|---|
| 020 | _a0718604571 | ||
| 082 |
_a617 _bB1511 |
||
| 090 |
_c3631 _d3631 |
||
| 100 | _aBailey, Hamilton | ||
| 245 |
_aBailey & Love’s short practice of surgery (vol. II) \ _crevised by A.J. Harding Rain and H. David Ritchie. _n2 |
||
| 250 | _a18th ed. | ||
| 260 |
_aLondon : _bH.K. Lewis, 1981. _cc1981 |
||
| 300 |
_a688-1370 p. _bill: _c24 cm. |
||
| 500 | _aDonations - Bibliotheca Alexandrina. | ||
| 650 | _aSurgery. | ||
| 650 | _aMedicine Surgery | ||
| 700 | _aRain ,A.J. Harding | ||
| 700 | _aH. David, Ritchie | ||
| 942 |
_cBB _k617B1511 |
||
| 999 |
_c3631 _d3631 |
||